[Event "Oberliga Nord W 0001"]
[Site "Germany"]
[Date "2001.04.29"]
[Round "9.1"]
[White "Oppitz, Peter"]
[Black "Sadewasser, Axel"]
[Result "1-0"]
[WhiteElo "2250"]
[BlackElo "2211"]
[PlyCount "65"]
[EventDate "2000.10.15"]
[EventType "team"]
[EventRounds "9"]
[EventCountry "GER"]
[SourceTitle "EXT 2003"]
[Source "ChessBase"]
[SourceDate "2002.11.25"]
[SourceVersion "1"]
[SourceVersionDate "2002.11.25"]
[SourceQuality "1"]
[WhiteTeam "Braunschweig SF"]
[BlackTeam "Hannover Post"]
[WhiteTeamCountry "GER"]
[BlackTeamCountry "GER"]

1. e4 e6 2. d4 d5 3. Nc3 Bb4 4. exd5 exd5 5. Bd3 Ne7 6. Qf3 Nbc6 7. Nge2 Be6 8. 0-0 Qd7 9. h3 0-0-0 10. Bf4 h6 11. a3 Ba5 12. Na4 Bb6 13. c3 g5 14. Nxb6+ axb6 15. Be5 Rhg8 16. Qh5 Nxe5 17. dxe5 Bf5 18. Bxf5 Nxf5 19. Nd4 Nxd4 20. cxd4 Rg6 21. Rac1 Kb8 22. Rc3 Rdg8 23. Rfc1 c6 24. f3 f6 25. Re1 fxe5 26. Rxe5 Qd6 27. Rce3 Rf6 28. Qg4 Rf4 29. Re8+ Rxe8 30. Rxe8+ Ka7 31. Qc8 b5 32. b4 Kb6 33. Qa8 1-0